000 00846cam a2200253 a 4500
001 000020176
005 20200929170311.0
008 790914s1974 sp acf b 001 0bspa d
015 _aSp74
020 _a8432024171
040 _aDO-SdBNP
_bspa
_cBNPHU
082 _a843.7
_bB198dzP
100 1 _aPujol, Carlos,
_d1799-1850.
_942773
245 1 0 _aBalzac y La comedia humana /
_cCarlos Pujol.
260 _aBarcelona :
_bEditorial Planeta,
_c1974.
300 _a258 [4] P. :
_bil., retrs. ;
_c20 cm.
490 1 _aDifusión cultural planeta
_v17
504 _aIncluye referencias bibliográficas: p. 237 - [245]
500 _aIncluye índice.
600 1 4 _aBALZAC, HONORE DE,
_d1799-1850.
_tCOMEDIA HUMANA
_942774
650 4 _aNovela francesa
_91075
650 4 _aLiteratura francesa
_91074
830 0 _aDifusión cultural planeta ;
_n17
_942775
999 _c19683
_d19683